<?xml version="1.0" encoding="UTF-8"?>
<record
    xmlns:xsi="http://www.w3.org/2001/XMLSchema-instance"
    xsi:schemaLocation="http://www.loc.gov/MARC21/slim http://www.loc.gov/standards/marcxml/schema/MARC21slim.xsd"
    xmlns="http://www.loc.gov/MARC21/slim">

  <leader>00650nam a2200193Ia 4500</leader>
  <controlfield tag="003">IN-BaIIA</controlfield>
  <controlfield tag="008">211028s9999    xx            000 0 eng d</controlfield>
  <datafield tag="040" ind1=" " ind2=" ">
    <subfield code="c">IIA Library</subfield>
  </datafield>
  <datafield tag="080" ind1=" " ind2=" ">
    <subfield code="a">92:539.1</subfield>
    <subfield code="b">TRI</subfield>
  </datafield>
  <datafield tag="245" ind1=" " ind2="0">
    <subfield code="a">Tribute to a titan</subfield>
    <subfield code="b">birth centenary of Homi Jehangir Bhabha</subfield>
    <subfield code="c">edited by Dipan K. Ghosh and  Arun K. Grover.</subfield>
  </datafield>
  <datafield tag="260" ind1=" " ind2=" ">
    <subfield code="a">Mumbai</subfield>
    <subfield code="b">Indian Physics Association</subfield>
    <subfield code="c">2009</subfield>
  </datafield>
  <datafield tag="300" ind1=" " ind2=" ">
    <subfield code="a">iv, 221p.</subfield>
  </datafield>
  <datafield tag="650" ind1=" " ind2=" ">
    <subfield code="a">Bhabha</subfield>
    <subfield code="9">34017</subfield>
  </datafield>
  <datafield tag="650" ind1=" " ind2=" ">
    <subfield code="a">Biography - Homi Jehangir Bhabha - Physics</subfield>
    <subfield code="9">34018</subfield>
  </datafield>
  <datafield tag="650" ind1=" " ind2=" ">
    <subfield code="a">Homi Jehangir - Biography - Physics</subfield>
    <subfield code="9">34019</subfield>
  </datafield>
  <datafield tag="700" ind1=" " ind2=" ">
    <subfield code="a">Ghosh, D. K., ed.</subfield>
    <subfield code="9">34020</subfield>
  </datafield>
  <datafield tag="700" ind1=" " ind2=" ">
    <subfield code="a">Grover, A. K., ed.</subfield>
    <subfield code="9">34021</subfield>
  </datafield>
  <datafield tag="942" ind1=" " ind2=" ">
    <subfield code="c">BK</subfield>
  </datafield>
  <datafield tag="999" ind1=" " ind2=" ">
    <subfield code="c">17889</subfield>
    <subfield code="d">17889</subfield>
  </datafield>
  <datafield tag="952" ind1=" " ind2=" ">
    <subfield code="0">0</subfield>
    <subfield code="1">0</subfield>
    <subfield code="4">0</subfield>
    <subfield code="7">0</subfield>
    <subfield code="a">BAN</subfield>
    <subfield code="b">BAN</subfield>
    <subfield code="c">GEN</subfield>
    <subfield code="d">2010-12-11</subfield>
    <subfield code="e">ANJ   </subfield>
    <subfield code="g">6995.00</subfield>
    <subfield code="l">0</subfield>
    <subfield code="o">92:539.1/ TRI</subfield>
    <subfield code="p">18811</subfield>
    <subfield code="r">2021-11-05</subfield>
    <subfield code="v">6995.00</subfield>
    <subfield code="w">2010-12-11</subfield>
    <subfield code="y">BK</subfield>
    <subfield code="G">Rs. 6995.00  </subfield>
  </datafield>
</record>
